Entry Nombre personal
001 - NÚMERO DE CONTROL
- campo de control: 11007
003 - IDENTIFICADOR DEL NÚMERO DE CONTROL
- campo de control: BNPHU
005 - FECHA Y HORA DE LA ÚLTIMA TRANSACCIÓN
- campo de control: 20240305132444.0
008 - DATOS DE LONGITUD FIJA
- campo de control de longitud fija: 200615|| aca||aabn | a|a d
010 ## - NÚMERO DE CONTROL DE LA BIBLIOTECA DEL CONGRESO
- Número de control de LC: n 86116554
040 ## - FUENTE DE LA CATALOGACIÓN
- Centro catalogador/agencia de origen: DO-SdBNP
- Lengua de catalogación: spa
- Centro/agencia transcriptor: BNPHU
- Normas de descripción: rda
100 1# - ENCABEZAMIENTO-NOMBRE DE PERSONA
- Nombre de persona: Mota Álvarez, Denis,
- Fechas asociadas al nombre: 1952-
370 ## - LUGAR ASOCIADO
- Lugar de nacimiento: San Rafael del Yuma, La Altagracia (República Dominicana)
372 ## - CAMPO DE ACTIVIDAD
- Campo de actividad: Comunicación social
- Campo de actividad: Abogado
375 ## - GÉNERO/SEXO
- Género/Sexo: Masculino
377 ## - LENGUA/LENGUAJE ASOCIADO
- Código del idioma: spa
400 1# - TRAZADO DE VÉASE--NOMBRE DE PERSONA
- Nombre de persona: Álvarez, Denis Mota
- Fechas asociadas al nombre: 1952-
400 1# - TRAZADO DE VÉASE--NOMBRE DE PERSONA
- Nombre de persona: Mota A., Denis
- Fechas asociadas al nombre: 1952
670 ## - FUENTE DE DATOS ENCONTRADOS
- Cita de la fuente: Work cat.: (OSt)3387: Gómez, Carmen 9663, Población y vivienda en la República Dominicana :, 1984.
670 ## - FUENTE DE DATOS ENCONTRADOS
- Cita de la fuente: Mota Álvarez, Denis. Del lado de la vida. Santo Domingo : Ferilibro, 2016
